Security Policies and Procedures : Principles and Practices
Saved in:
| Main Author: | |
|---|---|
| Format: | Book |
| Language: | English |
| Published: |
Upper Saddle River :
Pearson Prentice Hall,
2006
|
| Subjects: | |
| Tags: |
No Tags, Be the first to tag this record!
|
MARC
| LEADER | 00000nam a22000003a 4500 | ||
|---|---|---|---|
| 001 | stu130318 | ||
| 005 | 20150617225908.5 | ||
| 008 | 061124s2006----xxu-----------------eng-d | ||
| 020 | |a 0-13-186691-5 | ||
| 040 | |a STU |b slo | ||
| 041 | 0 | |a eng | |
| 044 | |a xxu | ||
| 100 | 1 | |a Greene, Sari Stern |4 aut | |
| 245 | 1 | |a Security Policies and Procedures : |b Principles and Practices | |
| 260 | |a Upper Saddle River : |b Pearson Prentice Hall, |c 2006 | ||
| 300 | |a 571 s | ||
| 650 | 7 | |a bezpečnostné opatrenia |2 stusub | |
| 650 | 7 | |a počítačové siete |2 stusub | |
| 996 | |c I*6B5759 |l I |s A |a 24 |w stu130318_0001 | ||